000 00355nam a2200109Ia 4500
008 180815s9999 xx 000 0 und d
020 _a9781882742493
245 _aTarascon Phaemacopoeia :
_b2007 deluxe lab-coat pocket edition /
260 _aUSA :
_bJones and Bartlett
_c2007
300 _a336 pages.
650 _aDrugs -- Dosage -- Handbooks, manuals, etc.
999 _c358330
_d358330